00896nam a2200229 i 4500001000300000100003500003245023300038250002400271260002700295300002800322504001400350650001900364650001500383655003000398710005300428020001500481040000800496041000800504080001500512008004100527856009800568bg1 aKSIĄŻYŃSKI, Krzysztof W.10aHydraulika :bzestawienie pojęć i wzorów stosowanych w budownictwie : podręcznik dla studentów wyższych szkół technicznych /cKrzysztof Wojciech Książyński ; Politechnika Krakowska im. Tadeusza Kościuszki. aWyd.2 popr. i uzup. aKraków :bPK,c2002. a122 s. :bil. ;c24 cm. aBibliogr. 9aHydromechanika 9aHydraulika aPodręczniki akademickie 0aPolitechnika Krakowska im. Tadeusza Kościuszki a8372421048 cBPK0 apol a532(075.8) s pl f |000 0 pol  uhttp://koha.tu.koszalin.pl/cgi-bin/koha/opac-detail.pl?biblionumber=42672yKatalog online BPK